|
|
|
|
| LEADER |
00765cas a2200181 a 4500 |
| 001 |
AALejournalResearch4Life007821 |
| 008 |
240902c9999 xx r poo 0 0eng d |
| 022 |
|
|
|a 18174434
|
| 022 |
|
|
|a 24152005
|
| 040 |
|
|
|a BD-DhAAL
|c BD-DhAAL
|
| 245 |
0 |
0 |
|h [electronic resource]
|a The Journal for Transdisciplinary Research in Southern Africa | AOSIS
|
| 260 |
|
|
|b Cambridge University Press
|
| 300 |
|
|
|a 1 online resource
|
| 362 |
0 |
|
|a 2005 - current issue
|
| 500 |
|
|
|a <strong>On-Campus Access Only (IP based access)</strong>
|
| 506 |
|
|
|a Electronic access restricted to authorized BRAC University faculty, staff and students
|
| 538 |
|
|
|a Mode of access: Internet
|
| 856 |
4 |
0 |
|z Full text available on Research4Life (HINARI,AGORA,OARE,ARDI & GOALI)
|u https://td-sa.net/index.php/td
|